000 00804nam0a22002651 4500
001 rc\3038142
005 20251119130413.0
035 _a(NLR Aleph) 007178585
090 _a21250
_c21250
100 _a20111004d1941 u y0rusy50 ca
101 0 _arus
102 _aRU
105 _ac z |||||
200 1 _aЗаписки охотника
210 _aМинск
_cГИЗБел
_d1941
215 _a272 с., 1 вкл. л. портр.
_cпортр.
_d21 см
700 1 _aТургенев
_bИ. С.
_f1818-1883
_gИван Сергеевич
_3RU\NLR\AUTH\77102
801 0 _aRU
_bNLR
_gpsbo
801 1 _aRU
_bELAR
_2rusmarc
852 _aNLR
_bЛ
_j30 Г-3/18
942 _cBOOK
945 _aРоссийская национальная библиотека
980 _aNB
980 _aBV